| 000 | 00749nam a22002057a 4500 | ||
|---|---|---|---|
| 999 |
_c16203 _d16203 |
||
| 003 | AR-CdUCM | ||
| 008 | 190502b ||||| |||| 00| 0 spa d | ||
| 040 |
_aMUNICIPALIDAD PROVINCIAL DEL CUSCO _cBIBLIOTECA MUNICIPAL DEL CUSCO |
||
| 082 |
_a461 / _bC25 |
||
| 100 |
_aCanal, Julio de la _935496 |
||
| 245 | _aCómo hablar y escribir correctamente / | ||
| 260 |
_aMexico D.F. : _bOlimpo, _c1958. |
||
| 300 |
_a111 paginas ; _c20 cm. |
||
| 505 | _aContenido : Ascendencia y parentesco de las palabras -- Sinfonía y afinidad -- Importancia de los símiles -- Extranjerismos y aztequismos... | ||
| 650 |
_aEl habla _935497 |
||
| 650 |
_aLa escritura _935498 |
||
| 650 |
_aFormas y modos _935499 |
||
| 942 |
_2ddc _cLIBROS |
||
| 945 |
_awnts _d2019-05-2 |
||